<?xml version="1.0" encoding="UTF-8"?>
<record
    xmlns:xsi="http://www.w3.org/2001/XMLSchema-instance"
    xsi:schemaLocation="http://www.loc.gov/MARC21/slim http://www.loc.gov/standards/marcxml/schema/MARC21slim.xsd"
    xmlns="http://www.loc.gov/MARC21/slim">

  <leader>00273nam a2200097Ia 4500</leader>
  <controlfield tag="008">180130s9999||||xx |||||||||||||| ||und||</controlfield>
  <datafield tag="020" ind1=" " ind2=" ">
    <subfield code="c">NT1600</subfield>
    <subfield code="a">978-986-320-634-7</subfield>
  </datafield>
  <datafield tag="100" ind1=" " ind2=" ">
    <subfield code="a">&#x6C5F;&#x8CE2;&#x4E8C;</subfield>
  </datafield>
  <datafield tag="245" ind1=" " ind2="0">
    <subfield code="c">&#x6C5F;&#x8CE2;&#x4E8C;</subfield>
    <subfield code="a">&#x6C5F;&#x8CE2;&#x4E8C;&#xFF1A;&#x7D19;&#x4E0A;&#x4F5C;&#x54C1;&#x2027;&#x96D5;&#x5851;&#x2027;&#x5730;&#x666F;&#x85DD;&#x8853;</subfield>
  </datafield>
  <datafield tag="260" ind1=" " ind2=" ">
    <subfield code="c">2014.12</subfield>
  </datafield>
  <datafield tag="942" ind1=" " ind2=" ">
    <subfield code="2">ccl</subfield>
    <subfield code="c">BOOK</subfield>
  </datafield>
  <datafield tag="999" ind1=" " ind2=" ">
    <subfield code="c">716</subfield>
    <subfield code="d">716</subfield>
  </datafield>
  <datafield tag="952" ind1=" " ind2=" ">
    <subfield code="0">0</subfield>
    <subfield code="1">0</subfield>
    <subfield code="2">ccl</subfield>
    <subfield code="4">0</subfield>
    <subfield code="7">0</subfield>
    <subfield code="a">yeezen</subfield>
    <subfield code="b">yeezen</subfield>
    <subfield code="d">2018-01-30</subfield>
    <subfield code="l">0</subfield>
    <subfield code="o">902.33 </subfield>
    <subfield code="p">C02319</subfield>
    <subfield code="r">2018-01-30 00:00:00</subfield>
    <subfield code="t">c.2</subfield>
    <subfield code="w">2018-01-30</subfield>
    <subfield code="y">BOOK</subfield>
  </datafield>
</record>
